Dom na azúrovom pobreží

Saved in:
Bibliographic Details
Main Author Klune, TJ
Format Electronic eBook
LanguageCzech
Published Metafora SK 2022
Edition1. elektronické vydání
Subjects
Online AccessDostupné v BOOKPORT po přihlášení pomocí eduID
ISBN978-80-8090-352-7
978-80-8090-351-0
Physical Description1 online zdroj (416 stran)

Cover

LEADER 00000nam a2200000 i 4500
001 bkp100133
003 CZ-prgp
005 20230313115028.0
006 m o d
007 cr cn
008 230313s2022 xr o 000 1 cze
020 |a 978-80-8090-352-7  |c 382 Kč  |q (online ; pdf) 
020 |a 978-80-8090-351-0  |c 450 Kč  |q (print) 
040 |a Grada  |b cze  |e rda 
100 1 |a Klune, TJ 
245 1 0 |a Dom na azúrovom pobreží  |c TJ Klune 
250 |a 1. elektronické vydání 
264 1 |b Metafora SK  |c 2022 
300 |a 1 online zdroj (416 stran) 
336 |a text  |b txt  |2 rdacontent 
337 |a počítač  |b c  |2 rdamedia 
338 |a online zdroj  |b cr  |2 rdacarrier 
520 3 |a Linus Baker si pokojne nažíva so svojou mačkou a zbierkou platní. Pracuje ako sociálny pracovník v Oddelení starostlivosti o zázračnú mládež, ktorý monitoruje a hodnotí sirotince pre nezvyčajné deti. Jedného dňa mu pridelia prísne tajnú úlohu. Má ohodnotiť vzdialený sirotinec, kde žije šesť nebezpečných detí. Linus má vyhodnotiť, či skutočne dokážu zosnovať koniec sveta. 
650 0 4 |a Sci-fi, fantasy 
856 4 0 |u https://www.bookport.cz/AccountSaml/SignIn/?idp=https://shibboleth.utb.cz/idp/shibboleth&returnUrl=/kniha/dom-na-azurovom-pobrezi-11590/  |y Dostupné v BOOKPORT po přihlášení pomocí eduID